The Financial express. Dhaka

Bibliographic Details
Format: Unknown
Language:English
Published: Malaysia ; HT Media Ltd
Online Access:Acceso restringido

MARC

LEADER 00000ny a22000003n 4500
005 20110516133941.0
008 101020c199u9999my un p 0 a0eng d
035 |a 5201 
040 |a BUS  |d vLex 
090 |c 1967  |d 1967 
245 3 0 |a The Financial express. Dhaka  |h [Recurso electrn̤ico] 
256 |a Servicio en ln̕ea 
260 |a Malaysia ;  |b HT Media Ltd 
506 1 |a Contenido solo disponible en los productos indicados  |d vLex Global  |d vLex Global (Academic Edition, excluding Law Schools)  |d vLex Global (U.S. Academic Edition, excluding Law Schools) 
740 |a vLex Revista (Servicios en ln̕ea) 
843 |a Electrn̤ica. Abierta 
853 |8 1  |i (year)  |j (month)  |k (day) 
856 4 0 |z Acceso restringido  |u http://vlex.com/account/login_ip?fuente_id=5201 
942 |c REV 
999 0 |a Business and economics